On the modelling of rubber ageing and performance changes in rubbery components (Record no. 64369)

MARC details
000 -LEADER
fixed length control field 00446nam a2200157Ia 4500
100 ## - MAIN ENTRY--AUTHOR NAME
Personal name Duarte J
245 #0 - TITLE STATEMENT
Title On the modelling of rubber ageing and performance changes in rubbery components
260 ## - PUBLICATION, DISTRIBUTION, ETC. (IMPRINT)
Name of publisher Kautschuk Gummi Kunststoffe
Year of publication 2007
300 ## - PHYSICAL DESCRIPTION
Number of Pages 172-175
650 ## - SUBJECT ADDED ENTRY--TOPICAL TERM
Topical Term Ageing
650 ## - SUBJECT ADDED ENTRY--TOPICAL TERM
Topical Term Network degradation
650 ## - SUBJECT ADDED ENTRY--TOPICAL TERM
Topical Term Numerical simulation
700 ## - ADDED ENTRY--PERSONAL NAME
Personal name Achenbach M
942 ## - ADDED ENTRY ELEMENTS (KOHA)
Koha item type Journals
Holdings
Withdrawn status Lost status Damaged status Not for loan Home library Current library Shelving location Date acquired Serial Enumeration / chronology Koha item type
      Journals RRII Library RRII Library Rubber technology 05/06/2007 Volume 60, Issue 4 Journals